Shah Abdul Latif Bhitai (Record no. 615351)

000 -LEADER
fixed length control field 00342nam a22001217a 4500
040 ## - CATALOGING SOURCE
Transcribing agency Nust
082 ## - DEWEY DECIMAL CLASSIFICATION NUMBER
Classification number 891.4113
Author Mark SHA
100 ## - MAIN ENTRY--PERSONAL NAME
Personal name Prof. Muhammad Yousaf
9 (RLIN) 131895
245 ## - TITLE STATEMENT
Title Shah Abdul Latif Bhitai
Remainder of title Messenger of Cosmic Consciousness
Statement of responsibility, etc. Muhammad Yusuf
260 ## - PUBLICATION, DISTRIBUTION, ETC.
Place of publication, distribution, etc. Larkana:
Name of publisher, distributor, etc. Cadet College,
Date of publication, distribution, etc. 2009.
300 ## - PHYSICAL DESCRIPTION
Extent Extent
942 ## - ADDED ENTRY ELEMENTS (KOHA)
Source of classification or shelving scheme
Koha item type Book
Holdings
Withdrawn status Lost status Source of classification or shelving scheme Damaged status Not for loan Permanent Location Current Location Shelving location Date acquired Shelving control number Total Checkouts Full call number Barcode Date last seen Price effective from Koha item type Public note
          College of Electrical & Mechanical Engineering (CEME) College of Electrical & Mechanical Engineering (CEME) Fiction 11/13/2025 Urdu Literature   891.4113 SHA CEME- 45654 11/13/2025 11/13/2025 Book 1.0
© 2023 Central Library, National University of Sciences and Technology. All Rights Reserved.